Novellieri minori del Cinquecento / (Record no. 183399)

MARC details
000 -LEADER
campo de control de longitud fija 00845nam a2200229 i 4500
001 - NÚMERO DE CONTROL
campo de control 183399
003 - IDENTIFICADOR DE NÚMERO DE CONTROL
campo de control ES-MaACL
005 - FECHA Y HORA DE LA ÚLTIMA TRANSACCIÓN
campo de control 20250927115143.0
008 - DATOS DE LONGITUD FIJA--INFORMACIÓN GENERAL
campo de control de longitud fija 140415s1912 it | |||| ||ita d
245 00 - MENCIÓN DEL TÍTULO
Título Novellieri minori del Cinquecento /
Mención de responsabilidad, etc. G. Parabosco, S. Erizzo ; a cura di Giuseppe Gigli e Fausto Nicolini.
260 ## - PUBLICACIÓN, DISTRIBUCIÓN, ETC.
Lugar de publicación, distribución, etc. Bari :
Nombre del editor, distribuidor, etc. Gius. Laterza & Figli,
Fecha de publicación, distribución, etc. 1912.
300 ## - DESCRIPCIÓN FÍSICA
Extensión 449 p. ;
Dimensiones 22 cm.
490 1# - MENCIÓN DE SERIE
Mención de serie Scrittori d'Italia ;
Designación de volumen o secuencia 40
505 8# - NOTA DE CONTENIDO CON FORMATO
Nota de contenido con formato Contiene: I diporti / di Girolamo Parabosco -- Le sei giornate / di Sebastiano Erizzo
700 1# - ENTRADA AGREGADA--NOMBRE PERSONAL
Nombre de persona Nicolini, Fausto.
9 (RLIN) 85597
700 1# - ENTRADA AGREGADA--NOMBRE PERSONAL
Nombre de persona Parabosco, Girolamo,
Fechas asociadas al nombre ca. 1524-1557
9 (RLIN) 154712
700 1# - ENTRADA AGREGADA--NOMBRE PERSONAL
Nombre de persona Erizzo, Sebastiano.
9 (RLIN) 154713
700 1# - ENTRADA AGREGADA--NOMBRE PERSONAL
Nombre de persona Gigli, Giuseppe.
9 (RLIN) 154714
830 00 - PUNTO DE ACCESO ADICIONAL DE SERIE-TÍTULO UNIFORME
Título uniforme Scrittori d'Italia
Designación de volumen o secuencia 40
9 (RLIN) 191925
852 ## - LOCALIZACIÓN
Ubicación ES-MaACL
Número de control de estantería G-3741
Holdings
Estatus retirado Estado de pérdida Estado de daño No para préstamo Biblioteca de origen Biblioteca actual Ubicación en estantería Fecha de adquisición Fuente de adquisición Total de préstamos Signatura topográfica completa Código de barras Visto por última vez Precio de reemplazo Tipo de ítem Koha
        Biblioteca del Ateneo de Madrid Biblioteca del Ateneo de Madrid Depósito 2 15/04/2014     G-3741 1192768 23/02/2023 23/02/2023 Libro impreso